<?xml version="1.0" encoding="UTF-8"?><?xml-stylesheet type="text/xsl" href="static/style.xsl"?><OAI-PMH xmlns="http://www.openarchives.org/OAI/2.0/" xmlns:xsi="http://www.w3.org/2001/XMLSchema-instance" xsi:schemaLocation="http://www.openarchives.org/OAI/2.0/ http://www.openarchives.org/OAI/2.0/OAI-PMH.xsd"><responseDate>2026-06-30T03:03:15Z</responseDate><request verb="GetRecord" identifier="oai:repisalud.isciii.es:20.500.12105/9048" metadataPrefix="marc">https://repisalud.isciii.es/rest/oai/request</request><GetRecord><record><header><identifier>oai:repisalud.isciii.es:20.500.12105/9048</identifier><datestamp>2024-09-27T15:46:42Z</datestamp><setSpec>com_20.500.12105_2052</setSpec><setSpec>com_20.500.12105_2051</setSpec><setSpec>col_20.500.12105_19608</setSpec><setSpec>col_20.500.12105_19609</setSpec></header><metadata><record xmlns="http://www.loc.gov/MARC21/slim" xmlns:dcterms="http://purl.org/dc/terms/" xmlns:doc="http://www.lyncode.com/xoai" xmlns:xsi="http://www.w3.org/2001/XMLSchema-instance" xsi:schemaLocation="http://www.loc.gov/MARC21/slim http://www.loc.gov/standards/marcxml/schema/MARC21slim.xsd">
   <leader>00925njm 22002777a 4500</leader>
   <datafield ind2=" " ind1=" " tag="042">
      <subfield code="a">dc</subfield>
   </datafield>
   <datafield ind2=" " ind1=" " tag="720">
      <subfield code="a">Cano-Portero, Rosa</subfield>
      <subfield code="e">author</subfield>
   </datafield>
   <datafield ind2=" " ind1=" " tag="720">
      <subfield code="a">Larrauri, Amparo</subfield>
      <subfield code="e">author</subfield>
   </datafield>
   <datafield ind2=" " ind1=" " tag="720">
      <subfield code="a">Mateo-Ontañon, Salvador de</subfield>
      <subfield code="e">author</subfield>
   </datafield>
   <datafield ind2=" " ind1=" " tag="720">
      <subfield code="a">Alcalá, Belén</subfield>
      <subfield code="e">author</subfield>
   </datafield>
   <datafield ind2=" " ind1=" " tag="720">
      <subfield code="a">Salcedo, Celia</subfield>
      <subfield code="e">author</subfield>
   </datafield>
   <datafield ind2=" " ind1=" " tag="720">
      <subfield code="a">Vazquez-Moreno, Julio Alberto</subfield>
      <subfield code="e">author</subfield>
   </datafield>
   <datafield ind2=" " ind1=" " tag="260">
      <subfield code="c">2004-07</subfield>
   </datafield>
   <datafield ind2=" " ind1=" " tag="520">
      <subfield code="a">The new meningococcal C conjugate vaccine became available in Spain and was included in the infant vaccination schedule in 2000. A catch-up campaign was carried out in children under six years of age. As a consequence, the incidence of meningococcal disease caused by serogroup C has fallen sharply during the last three epidemiological years in Spain. The risk of contracting serogroup C disease in 2002/2003 fell by 58% when compared with the season before the conjugate vaccine was introduced. There was also an important decrease in mortality. Three deaths due to serogroup C occurred in the age groups targeted for vaccination in 2002/2003, compared with 30 deaths in the same age groups in the season before the launch of the vaccine campaign. In the catch-up campaign the vaccine coverage reached values above 92%. For the 2001, 2002 and 2003 routine childhood immunisation programme coverage values ranged from 90% to 95%. During the past three years a total of 111 cases of serogroup C disease have been reported in patients in the vaccine target group. Most of the vaccination failures occurred during the epidemiological year 2002/2003. Eight (53%) vaccine failures occurred in children who had been routinely immunised in infancy, and could be related to a lost of protection with time since vaccination. The isolation of several B:2a:P1.5 strains (ST-11 lineage) is noteworthy. These may have their origin in C:2a:P1.5 strains which, after undergoing genetic recombination at the capsular operon level, express serogroup B. These strains could have relevant epidemic potential.</subfield>
   </datafield>
   <datafield ind1="8" ind2=" " tag="024">
      <subfield code="a">Euro Surveill. 2004 Jul;9(7):11-5.</subfield>
   </datafield>
   <datafield ind1="8" ind2=" " tag="024">
      <subfield code="a">1560-7917</subfield>
   </datafield>
   <datafield ind1="8" ind2=" " tag="024">
      <subfield code="a">Euro surveillance : bulletin Europeen sur les maladies transmissibles = European communicable disease bulletin</subfield>
   </datafield>
   <datafield ind1="8" ind2=" " tag="024">
      <subfield code="a">15318008</subfield>
   </datafield>
   <datafield ind1="8" ind2=" " tag="024">
      <subfield code="a">http://hdl.handle.net/20.500.12105/9048</subfield>
   </datafield>
   <datafield ind2="0" ind1="0" tag="245">
      <subfield code="a">Impact of the meningococcal C conjugate vaccine in Spain: an epidemiological and microbiological decision</subfield>
   </datafield>
</record></metadata></record></GetRecord></OAI-PMH>